| 000 | 00710nam a22002413a 4500 | ||
|---|---|---|---|
| 005 | 20240806063909.0 | ||
| 008 | 010531s1998 mx fr 000 0 spa d | ||
| 020 | _a9684932944 | ||
| 035 | _aUPN01000116946 | ||
| 049 | _aCG | ||
| 050 | 4 |
_aPQ7297 Z37 _bF7 1998 |
|
| 100 | 1 |
_aZarco, Francisco, _d1829-1869 _928493 |
|
| 245 | 1 | 0 |
_aFrancisco Zarco / _cFrancisco Zarco; selec. y pról. de José Woldenberg. |
| 250 | _a3a ed. | ||
| 260 |
_aMéxico : _bCal y Arena, _c1998. |
||
| 300 | _a734 p. | ||
| 440 | 4 | _aLos imprescindibles | |
| 600 | 1 | 4 |
_aZARCO, FRANCISCO,-, _d1829-1869 (SELECCIONES, EXTRACTOS, ETC.). |
| 650 | 4 |
_aLiteratura mexicana _94466 |
|
| 901 | _a184990 | ||
| 902 | _aCAA/npd | ||
| 905 | _aLibro | ||
| 999 |
_c89574 _d89574 |
||